| 000 | 00424 a2200121 4500 | ||
|---|---|---|---|
| 001 | ART_11068 | ||
| 005 | 20260410161849.0 | ||
| 008 | 260409a | ||
| 245 | 1 | 0 | _aDistribución regional del residuo fiscal neto. El caso de las municipalidades de la provincia de Buenos Aires |
| 100 | 1 | _aPorto, Alberto | |
| 700 | 1 | _aGasparini, Leonardo C. | |
| 773 | 0 |
_tEconómica _g- Año XLIV, Nº 3 (dic. 1998) _wREV7541 |
|
| 999 |
_c24878 _d24878 |
||